Category Elimination - Premier League Clubs - Statistics

General Stats
  • This quiz has been taken 759 times
  • The average score is 9 of 16
Answer Stats
Group # Category % Correct
Green 13 Clubs with "City" or "Town" in their name
100%
Green 9 ... who were not founder members of the Premier League
76%
Pink 15 Clubs whose badges feature birds
74%
Pink 8 ... who play in a city that is not London
69%
Blue 9 Clubs based south of the River Thames
65%
Yellow 9 Clubs based in the Midlands
62%
Pink 4 ... whose city is on the coast
62%
Blue 5 ... who traditionally wear red on their home kits
59%
Yellow 5 ... whose home kits traditionally feature blue
58%
Yellow 2 ... that have won the Premier League or European Cup
53%
Blue 3 ... whose stadium holds at least 25,000 spectators
53%
Pink 1 ... and who have won the Premier League Liverpool
46%
Green 3 ... based in Yorkshire
44%
Yellow 1 ... and that James Milner played for Aston Villa
44%
Blue 1 ... and whose name does not start with the letter "C" Southampton
39%
Green 1 ... and traditionally wear blue on their home kit Huddersfield Town
31%
No matching quizzes found
Score Distribution
Percent of People with Each Score
Percentile by Number Answered
Your Score History
You have not taken this quiz